000 00541nam a2200181 a 4500
001 000009273
005 20240412074210.0
008 090929s1972 dr 000 p spa d
040 _aDO-SdBNP
_bspa
_cBNPHU
082 _aRD861.44
_bC352p
100 1 _aCastillo Nivar, Máximo Antonio
_923991
245 1 3 _aEl poemari de mis poemas /
_cMáximo Antonio Castillo Nivar.
260 _aSanto Domingo :
_b[s. n.],
_c1972.
300 _a18 p. ;
_c22 cm.
650 0 _aPoesía dominicana
_966
650 0 _aLiteratura dominicana.
_967
049 _aBNPD
999 _c9035
_d9035